000 01260cam a2200313 a 4500
001 4453040
003 OSt
005 20231121122832.0
008 950728s1996 maua 001 0 eng
010 _a 95037693
020 _a0867205040
040 _aDLC
_cDLC
_dDLC
041 1 _aeng
_hger
050 0 0 _aQK725
_b.G8413 1996
082 0 0 _a581.87
_bGUN/P
100 1 _aGunning, Brian E. S.
_99904
240 1 0 _aBildatlas zur Biologie der Pflanzenzelle.
_lEnglish
245 1 0 _aPlant cell biology :
_bstructure and function /
_cBrian E.S. Gunning, Martin W. Steer.
260 _aBoston, Mass. :
_bJones and Bartlett Publishers,
_cc1996.
300 _a[120] p. :
_bill. (some col.) ;
_c30 cm.
500 _a"Title of German original: Gunning/Steer, Bildatlas zur Biologie der Pflanzenzelle. 4. Auflage"--T.p. verso.
500 _aIncludes index.
650 0 _aPlant cells and tissues
_xAtlases.
650 0 _aPlant ultrastructure
_xAtlases.
700 1 _aSteer, Martin W.
906 _a7
_bcbc
_corignew
_d1
_eocip
_f19
_gy-gencatlg
942 _2ddc
_cBK
_h581.87
_iGUN/P
_k581.87
_mGUN/P
999 _c43681
_d43681